Science Quiz

Random Science or Elements Quiz

Halogen Elements Quiz Stats

 Plays Quiz Updated Feb 27, 2020

     
Support Sporcle.
Go Orange.
Score 0/6 Timer 01:30
2 Plays Today
Halogen Element % Correct
Chlorine (Cl)
94.9%
Fluorine (F)
92.9%
Bromine (Br)
87.6%
Iodine (I)
87.4%
Astatine (At)
67.9%
Tennessine (Ts)
18.2%

From the Vault

Name a Shakespeare Play...

by FretfulP

There seems to be a lot of quizzes about this Shakespeare guy!
Remove Ads.
Support Sporcle.
Get the best of Sporcle when you Go Orange. This ad-free experience offers more features, more stats, and more fun while also helping to support Sporcle. Thank you for becoming a member.

Show Comments

Extras

Top Quizzes Today


Score Distribution

Your Account Isn't Verified!

In order to create a playlist on Sporcle, you need to verify the email address you used during registration. Go to your Sporcle Settings to finish the process.

Report this User

Report this user for behavior that violates our Community Guidelines.

Details: